Επαγγελματική αξιολόγηση : τεστ και ερωτηματολόγια επαγγελματικού προσανατολισμού
Αποθηκεύτηκε σε:
| Κύριος συγγραφέας: | |
|---|---|
| Μορφή: | Βιβλίο |
| Γλώσσα: | Greek |
| Δημοσίευση: |
Αθήνα :
Μεταίχμιο,
c2009.
|
| Θέματα: | |
| Ετικέτες: |
Προσθήκη ετικέτας
Δεν υπάρχουν, Καταχωρήστε ετικέτα πρώτοι!
|
MARC
| LEADER | 00000cam a2200000 a 4500 | ||
|---|---|---|---|
| 001 | 1/117795 | ||
| 008 | 190115s2009####gr | ||| |||| ||gre|| | ||
| 020 | |a 9789604557202 | ||
| 040 | |a GR-MyUa |b gre |c GR-MyUa |e AACR2 | ||
| 041 | 0 | |a gre | |
| 082 | 7 | |a 371.425 |2 (23) | |
| 100 | 1 | |a Σιδηροπούλου-Δημακάκου, Δέσποινα. | |
| 245 | 1 | 0 | |a Επαγγελματική αξιολόγηση : |b τεστ και ερωτηματολόγια επαγγελματικού προσανατολισμού / |c Δέσποινα Σιδηροπούλου-Δημακάκου. |
| 260 | |a Αθήνα : |b Μεταίχμιο, |c c2009. | ||
| 300 | |a 304 σ. ; |c 24 εκ. | ||
| 504 | |a Περιλαμβάνει βιβλιογραφίες και ευρετήρια. | ||
| 650 | 0 | |a Vocational guidance. | |
| 650 | 0 | |a Vocational evaluation. | |
| 650 | 0 | |a Educational counseling. | |
| 852 | |a INST |b SYROS |c EUDOXUS |e 20190115 |h 371.425 ΣΙΔ |p 005500013560 |q 005500013560 |t EDX |y 0 | ||
| 920 | |a Εύδοξος |b Παραγγελία |y Σύρος-ΤΜΣΠΣ |z 2019-01 | ||
| 970 | |a Κοντού |b Παρασκευή |z 15/01/2019 | ||